Poprad
| New Title: | Poprad, mesačník |
|---|---|
| Previous Title: | Poprad. Kultúrno-spoločenský mesačník |
| Format: | Newspaper |
| Language: | Slovak |
| PhysicalDescription: | 29 zv. ilustr. 30-42 cm |
| Published: |
Poprad
MsNV a MsKS
1990-2019
Poprad Popradská informačná agentúra Poprad Mestský úrad Poprad Redakcia novín Poprad Poprad Redakcia Poprad - noviny občanov |
| ISSN: | 1339-2417 |
| Subjects: | |
| Online Access: | http://www.noviny-poprad.sk |
MARC
| LEADER | 00000cas a2200000 a 4500 | ||
|---|---|---|---|
| 001 | vtls008409991 | ||
| 003 | SK-MaSNL | ||
| 005 | 20260228160937.0 | ||
| 008 | 150910d19902019xo wr|ner 0 b0slo | ||
| 022 | |a 1339-2417 | ||
| 040 | |a SVKPO |b slo |c SVKPO |d SNK |e AACR2 | ||
| 041 | 0 | |a slo | |
| 043 | |a e-xo--- | ||
| 044 | |a xo |c SK | ||
| 072 | 7 | |a 394 |x Verejný a spoločenský život. Každodenný život |2 konspekt | |
| 080 | |a 908(437.6) |2 2001 | ||
| 080 | |a 394 |2 2001 | ||
| 080 | |a 316.728 |2 2001 | ||
| 080 | |a 316.7 |2 2001 | ||
| 080 | |a 050 |2 2001 | ||
| 210 | 0 | |a Poprad | |
| 222 | 0 | |a Poprad | |
| 245 | 0 | 0 | |a Poprad |
| 260 | |a Poprad |b MsNV a MsKS |c 1990-2019 | ||
| 260 | 2 | |3 10/1991-[16/1991] |a Poprad |b Popradská informačná agentúra | |
| 260 | 2 | |3 1/1992-35/1994 |a Poprad |b Mestský úrad | |
| 260 | 2 | |3 36/1994-2012 |a Poprad |b Redakcia novín Poprad | |
| 260 | 3 | |3 2013-2019 |a Poprad |b Redakcia Poprad - noviny občanov | |
| 300 | |a 29 zv. |b ilustr. |c 30-42 cm | ||
| 310 | |a 1x týždenne |b 2009-2019 | ||
| 321 | |a 2x týždenne |b 1992-2008 | ||
| 321 | |a 1x týždenne |b 10/1991-[16/1991] | ||
| 321 | |a 26x ročne |b 5/1990-9/1991 | ||
| 321 | |a 1x týždenne |b 1/1990-4/1990 | ||
| 362 | 0 | |a Roč. I., č. 1 (1990)-roč. XXX, č. 49/50 (2019) | |
| 500 | |a Redaktori sa menia | ||
| 500 | |a Rozmer zv. sa mení | ||
| 500 | |a Podnázov od č. 5/1990: dvojtýždenník občanov mesta, od č. 1/1992: noviny občanov mesta | ||
| 500 | |a Registračné č. 17/90 VS | ||
| 500 | |a Evidenčné č. 3142/09 | ||
| 500 | |a Povolené OK VS KNV reg. číslom 69/78 | ||
| 500 | |a Podnázvy v tiráži sa menia | ||
| 500 | |a Nadviazal na kultúrno-spoločenský mesačník Poprad | ||
| 515 | |a V r. 1999-2003 sa uvádzajú dva ročníky, druhý z nich uvedený v zátvorke je priebežný ; v č. 1, 15 je chybne uvedený r. 2018 - správne r. 2019 | ||
| 515 | |a Niektoré čísla vychádzajú ako dvojčíslo | ||
| 525 | |a Samostatné prílohy: Telka, Téma | ||
| 650 | 0 | 7 | |a každodenný život |2 SNKPH |9 4946 |
| 650 | 0 | 7 | |a spoločenský život |2 SNKPH |9 28654 |
| 650 | 0 | 7 | |a kultúra |2 SNKPH |9 886 |
| 651 | 7 | |a Poprad (Slovensko : okres) |2 SNKPH |9 28675 | |
| 655 | 7 | |a regionálne periodiká |2 SNKPH |9 131775 | |
| 770 | 0 | |t Telka | |
| 770 | 0 | |t Téma | |
| 780 | 0 | 1 | |t Poprad. Kultúrno-spoločenský mesačník |
| 785 | 0 | 0 | |t Poprad, mesačník |
| 850 | |a Štátna vedecká knižnica v Prešove | ||
| 856 | 4 | 1 | |u http://www.noviny-poprad.sk |
| 910 | |a snk | ||
| 916 | |a 1990-1991, 1993-2010, 2014, 2008/2, 2009/1, 2010/2, 2011-2013, 2015-2019 | ||
| 999 | |c 3965 |d 5895 | ||
| 952 | |0 0 |1 0 |4 0 |7 0 |a SNK |b SNK |d 2005-05-13 |f 1 |i snkČSP 1698/92 |l 0 |o snkČSB 4033/1/1990 |p 17A0469414 |r 2026-02-21 19:41:20 |t č. 1-16, +mim. č. |w 2026-02-21 |y PREZ |z Mimoriadne číslo Poprad | ||
| 952 | |0 0 |1 0 |3 rekatalogizácia |4 0 |7 0 |a SNK |b SNK |d 2006-05-15 |i snkČSP 379/99 |l 0 |o snkČSB 4033/2/1991 D1 |p 17A0507870 |r 2026-02-21 19:52:29 |t č. 1-16, neúplné |w 2026-02-21 |y PREZ |z chýba č. 5-7, 17 ... | ||
| 952 | |0 0 |1 0 |4 0 |7 0 |8 0 |a SNK |b SNK |d 2006-04-26 |f 1 |i snk2006/8551 |l 0 |o snkČSB 4033/11(22)2000 |p 17A0488921 |r 2026-02-21 19:58:30 |t č. 1-99, neúplné |w 2026-02-21 |y PREZ |z Chýba č. 25 | ||
| 952 | |0 0 |1 0 |4 0 |7 0 |8 0 |a SNK |b SNK |d 2006-04-26 |i snk2006/8552 |l 0 |o snkČSB 4033/11(22)2000 D1 |p 17A0488922 |r 2026-02-21 19:58:30 |t č. 1-99, neúplné |w 2026-02-21 |y PREZ |z Chýba č. 8, 25 | ||
| 952 | |0 0 |1 0 |4 0 |7 0 |8 0 |a SNK |b SNK |d 2006-04-26 |f 1 |i snk2006/8557 |l 0 |o snkČSB 4033/12(23)2001 |p 17A0488923 |r 2026-02-21 19:58:30 |t č. 1-99, neúplné |w 2026-02-21 |y PREZ |z chýba č. 42 | ||
| 952 | |0 0 |1 0 |4 0 |7 0 |8 0 |a SNK |b SNK |d 2006-04-26 |i snk2006/8559 |l 0 |o snkČSB 4033/12(23)2001 D1 |p 17A0488924 |r 2026-02-21 19:58:30 |t č. 1-99, neúplné |w 2026-02-21 |y PREZ |z Chýba č. 42 | ||
| 952 | |0 0 |1 0 |4 0 |7 0 |8 0 |a SNK |b SNK |d 2006-04-26 |f 1 |i snk2006/8560 |l 0 |o snkČSB 4033/14(25)2003 |p 17A0488925 |r 2026-02-21 19:58:30 |t č. 1-97, neúplné |w 2026-02-21 |y PREZ |z Chýba č. 47-66, 91 | ||
| 952 | |0 0 |1 0 |4 0 |7 0 |8 0 |a SNK |b SNK |d 2006-04-26 |i snk2006/8561 |l 0 |o snkČSB 4033/14(25)2003 D1 |p 17A0488926 |r 2026-02-21 19:58:30 |t č. 1-97, neúplné |w 2026-02-21 |y PREZ |z Chýba č. 47-66, 91 | ||
| 952 | |0 0 |1 0 |4 0 |7 0 |a SNK |b SNK |d 2006-08-22 |i snkČSP 1889/2004 |l 0 |o snkČSB 4033/13(24)/2002 D1 |p 17A0515093 |r 2026-02-21 20:13:04 |t č. 1-98 |w 2026-02-21 |y PREZ | ||
| 952 | |0 0 |1 0 |3 rekatalogizácia |4 0 |7 0 |a SNK |b SNK |d 2008-01-15 |l 0 |o snkČSB 4033/10(21)/1999 D1 |p 17A0568153 |r 2026-02-21 20:21:40 |t č. 1-99 |w 2026-02-21 |y PREZ | ||
| 952 | |0 0 |1 0 |4 0 |7 0 |a SNK |b SNK |d 2011-10-27 |i snk2002/198 |l 0 |o snkČSB 4033/5/1994 D1 |p 17A0747417 |r 2026-02-21 20:29:39 |t č. 1-100 |w 2026-02-21 |y PREZ | ||
| 952 | |0 0 |1 0 |4 0 |7 0 |a SNK |b SNK |d 2015-09-08 |f 1 |i snkČSP 1888/2004 |l 0 |o snkČSB 4033/13(24)/2002 |p 17A0961381 |r 2026-02-21 20:43:28 |t č. 1-98 |w 2026-02-21 |y PREZ | ||
| 952 | |0 0 |1 0 |4 0 |7 0 |a SNK |b SNK |d 2015-09-08 |f 1 |i snkČSP 380/99 |l 0 |o snkČSB 4033/6/1995 |p 17A0925434 |r 2026-02-21 20:43:28 |t č. 1-100, neúplné |w 2026-02-21 |y PREZ |z chýba č. 48 | ||
| 952 | |0 0 |1 0 |4 0 |7 0 |a SNK |b SNK |d 2015-09-08 |f 1 |i snkČSP 376/99 |l 0 |o snkČSB 4033/8/1997 |p 17A0925427 |r 2026-02-21 20:43:28 |t č. 1-83, neúplné |w 2026-02-21 |y PREZ |z chýbajú č. 1-6, 18, 61, 70 | ||
| 952 | |0 0 |1 0 |4 0 |7 0 |a SNK |b SNK |d 2015-09-08 |f 1 |i snkČSP 382/99 |l 0 |o snkČSB 4033/9/1998 |p 17A0925421 |r 2026-02-21 20:43:30 |t č. 1-99 |w 2026-02-21 |y PREZ | ||
| 952 | |0 0 |1 0 |4 0 |7 0 |a SNK |b SNK |d 2015-09-08 |f 1 |i snkČSP 2898/99 |l 0 |o snkČSB 4033/7/1996 |p 17A0925436 |r 2026-02-21 20:43:30 |t č. 1-100, neúplné |w 2026-02-21 |y PREZ |z chýba č. 33, 45 | ||
| 952 | |0 0 |1 0 |4 0 |7 0 |a SNK |b SNK |d 2015-09-08 |f 1 |i snkČSP 558/2000 |l 0 |o snkČSB 4033/10(21)/1999 |p 17A0925422 |r 2026-02-21 20:43:30 |t č. 1-99 |w 2026-02-21 |y PREZ | ||
| 952 | |0 0 |1 0 |4 0 |7 0 |a SNK |b SNK |d 2015-09-08 |f 1 |i snkČSP 2332/2000 |l 0 |o snkČSB 4033/4/1993 |p 17A0925433 |r 2026-02-21 20:43:30 |t č. 1-98, neúplné |w 2026-02-21 |y PREZ |z chýba č. 33, 48, 54 | ||
| 952 | |0 0 |1 0 |4 0 |7 0 |8 0 |a SNK |b SNK |d 2015-09-08 |f 1 |i snk2015/25791 |l 0 |o snkČSB 4033/19/2008/1 |p 17A1146345 |r 2026-02-21 20:43:31 |t č. 1-44 |w 2026-02-21 |y PREZ | ||
| 952 | |0 0 |1 0 |4 0 |7 0 |8 0 |a SNK |b SNK |d 2015-09-08 |f 1 |i snk2015/25794 |l 0 |o snkČSB 4033/18/2007 |p 17A1146346 |r 2026-02-21 20:43:31 |t č. 1-99, neúplné |w 2026-02-21 |y PREZ |z chýbajú č. 1-5, 91-99 | ||
| 952 | |0 0 |1 0 |4 0 |7 0 |8 0 |a SNK |b SNK |d 2015-09-08 |f 1 |i snk2015/25801 |l 0 |o snkČSB 4033/17/2006 |p 17A1146347 |r 2026-02-21 20:43:31 |t č. 1-95 |w 2026-02-21 |y PREZ | ||
| 952 | |0 0 |1 0 |4 0 |7 0 |8 0 |a SNK |b SNK |d 2015-09-08 |f 1 |i snk2015/25807 |l 0 |o snkČSB 4033/16/2005 |p 17A1146348 |r 2026-02-21 20:43:31 |t č. 1-96 |w 2026-02-21 |y PREZ | ||
| 952 | |0 0 |1 0 |4 0 |7 0 |8 0 |a SNK |b SNK |d 2015-09-08 |f 1 |i snk2015/25808 |l 0 |o snkČSB 4033/15/2004 |p 17A1146349 |r 2026-02-21 20:43:31 |t č. 1-98, neúplné |w 2026-02-21 |y PREZ |z chýba č. 69 | ||
| 952 | |0 0 |1 0 |4 0 |7 0 |8 0 |a SNK |b SNK |d 2015-09-09 |f 1 |i snk2015/25871 |l 0 |o snkČSB 4033/25/2014 |p 17A1146350 |r 2026-02-21 20:43:49 |t č. 1-50 |w 2026-02-21 |y PREZ | ||
| 952 | |0 0 |1 0 |4 0 |7 0 |8 0 |a SNK |b SNK |d 2015-09-09 |f 1 |i snk2015/25881 |l 0 |o snkČSB 4033/21/2010/1 |p 17A1146351 |r 2026-02-21 20:43:49 |t č. 1-20 |w 2026-02-21 |y PREZ | ||
| 952 | |0 0 |1 0 |4 0 |7 0 |8 0 |a SNK |b SNK |d 2015-09-09 |f 1 |i snk2015/25884 |l 0 |o snkČSB 4033/20/2009/2 |p 17A1146352 |r 2026-02-21 20:43:52 |t č. 34-55 |w 2026-02-21 |y PREZ | ||
| 952 | |0 0 |1 0 |4 0 |7 0 |a SNK |b SNK |d 2015-09-09 |f 1 |i snkČSP 378/99 |l 0 |o snkČSB 4033/2/1991 |p 17A0925432 |r 2026-02-21 20:43:52 |t č. 1-16, neúplné |w 2026-02-21 |y PREZ |z chýbajú č. 5-7 | ||
| 952 | |0 0 |1 0 |4 0 |7 0 |a SNK |b SNK |d 2008-10-15 |i snkČSP 2899/99 |l 0 |o snkČSB 4033/7/1996 D1 |p 17A0597517 |r 2026-02-21 20:49:52 |t č. 1-100, neúplné |w 2026-02-21 |y PREZ |z chýba č. 33, 45 | ||
| 952 | |0 0 |1 0 |3 rekatalogizácia |4 0 |7 0 |a SNK |b SNK |d 2006-01-31 |i snkČSP 383/99 |l 0 |o snkČSB 4033/9/1998 D1 |p 17A0495676 |r 2026-02-21 21:10:09 |t č. 1-99 |w 2026-02-21 |y PREZ | ||
| 952 | |0 0 |1 0 |4 0 |7 0 |a SNK |b SNK |d 2005-11-09 |f 1 |i snkČSP 2331/2000 |l 0 |o snkČSB 4033/5/1994 |p 17A0490228 |r 2026-02-21 21:10:32 |t č. 1-100, neúplné |w 2026-02-21 |y PREZ |z chýba č. 95 | ||
| 952 | |0 0 |1 0 |4 0 |7 0 |a SNK |b SNK |d 2013-08-14 |i snk2002/197 |l 0 |o snkČSB 4033/4/1993 D1 |p 17A1022115 |r 2026-02-21 21:14:04 |w 2026-02-21 |y PREZ | ||
| 952 | |0 0 |1 0 |3 č. 1-100, neúplný ; chýba č. 48 |4 0 |7 0 |a SNK |b SNK |d 2016-04-20 |i snkČSP 381/99 |l 0 |o snkČSB 4033/6/1995 D1 |p 17A1150190 |r 2026-02-21 22:16:25 |t č. 1-100, neúplný |w 2026-02-21 |y PREZ |z č. 1-100, neúplný ; chýba č. 48 | ||
| 952 | |0 0 |1 0 |4 0 |7 0 |a SNK |b SNK |d 2019-07-10 |i snkČSP 377/99 |l 0 |o snkČSB 4033/8/1997 D1 |p 17A1314928 |r 2026-02-21 22:21:19 |t č. 7-83 |w 2026-02-21 |y PREZ | ||
| 952 | |0 0 |1 0 |4 0 |7 0 |8 0 |a SNK |b SNK |d 2020-02-28 |f 1 |i snk2020/5094 |l 0 |o snkČSB 4033/22/2011/1 |p 17A1387143 |r 2026-02-21 22:29:54 |t č. 1-26 |w 2026-02-21 |y PREZ | ||
| 952 | |0 0 |1 0 |4 0 |7 0 |8 0 |a SNK |b SNK |d 2020-02-28 |f 1 |i snk2020/5095 |l 0 |o snkČSB 4033/22/2011/2 |p 17A1387144 |r 2026-02-21 22:30:00 |t č. 27-50 |w 2026-02-21 |y PREZ | ||
| 952 | |0 0 |1 0 |4 0 |7 0 |8 0 |a SNK |b SNK |d 2020-02-28 |f 1 |i snk2020/5098 |l 0 |o snkČSB 4033/23/2012/1 |p 17A1387145 |r 2026-02-21 22:30:00 |t č. 1-26 |w 2026-02-21 |y PREZ | ||
| 952 | |0 0 |1 0 |4 0 |7 0 |8 0 |a SNK |b SNK |d 2020-02-28 |f 1 |i snk2020/5100 |l 0 |o snkČSB 4033/23/2012/2 |p 17A1387146 |r 2026-02-21 22:30:00 |t č. 27-50 |w 2026-02-21 |y PREZ | ||
| 952 | |0 0 |1 0 |4 0 |7 0 |8 0 |a SNK |b SNK |d 2020-02-28 |f 1 |i snk2020/5102 |l 0 |o snkČSB 4033/24/2013/1 |p 17A1387147 |r 2026-02-21 22:30:00 |t č. 1-26 |w 2026-02-21 |y PREZ | ||
| 952 | |0 0 |1 0 |4 0 |7 0 |8 0 |a SNK |b SNK |d 2020-02-28 |f 1 |i snk2020/5103 |l 0 |o snkČSB 4033/24/2013/2 |p 17A1387148 |r 2026-02-21 22:30:00 |t č. 27-50 |w 2026-02-21 |y PREZ | ||
| 952 | |0 0 |1 0 |4 0 |7 0 |8 0 |a SNK |b SNK |d 2020-02-28 |f 1 |i snk2020/5107 |l 0 |o snkČSB 4033/26/2015/1 |p 17A1387149 |r 2026-02-21 22:30:01 |t č. 1-26 |w 2026-02-21 |y PREZ | ||
| 952 | |0 0 |1 0 |4 0 |7 0 |8 0 |a SNK |b SNK |d 2020-02-28 |f 1 |i snk2020/5109 |l 0 |o snkČSB 4033/26/2015/2 |p 17A1387150 |r 2026-02-21 22:30:01 |t č. 27-50 |w 2026-02-21 |y PREZ | ||
| 952 | |0 0 |1 0 |4 0 |7 0 |8 0 |a SNK |b SNK |d 2020-02-28 |f 1 |i snk2020/5118 |l 0 |o snkČSB 4033/27/2016/1 |p 17A1387151 |r 2026-02-21 22:30:01 |t č. 1-26 |w 2026-02-21 |y PREZ | ||
| 952 | |0 0 |1 0 |4 0 |7 0 |8 0 |a SNK |b SNK |d 2020-02-28 |f 1 |i snk2020/5119 |l 0 |o snkČSB 4033/27/2016/2 |p 17A1387152 |r 2026-02-21 22:30:01 |t č. 27-50 |w 2026-02-21 |y PREZ | ||
| 952 | |0 0 |1 0 |4 0 |7 0 |8 0 |a SNK |b SNK |d 2020-02-28 |f 1 |i snk2020/5120 |l 0 |o snkČSB 4033/28/2017/1 |p 17A1387153 |r 2026-02-21 22:30:01 |t č. 1-26 |w 2026-02-21 |y PREZ | ||
| 952 | |0 0 |1 0 |4 0 |7 0 |8 0 |a SNK |b SNK |d 2020-02-28 |f 1 |i snk2020/5122 |l 0 |o snkČSB 4033/28/2017/2 |p 17A1387154 |r 2026-02-21 22:30:01 |t č. 27-50 |w 2026-02-21 |y PREZ | ||
| 952 | |0 0 |1 0 |4 0 |7 0 |8 0 |a SNK |b SNK |d 2020-02-28 |f 1 |i snk2020/5123 |l 0 |o snkČSB 4033/29/2018/1 |p 17A1387155 |r 2026-02-21 22:30:01 |t č. 1-26 |w 2026-02-21 |y PREZ | ||
| 952 | |0 0 |1 0 |4 0 |7 0 |8 0 |a SNK |b SNK |d 2020-02-28 |f 1 |i snk2020/5125 |l 0 |o snkČSB 4033/29/2018/2 |p 17A1387156 |r 2026-02-21 22:30:01 |t č. 27-50 |w 2026-02-21 |y PREZ | ||
| 952 | |0 0 |1 0 |4 0 |7 0 |8 0 |a SNK |b SNK |d 2020-02-28 |f 1 |i snk2020/5128 |l 0 |o snkČSB 4033/30/2019/1 |p 17A1387157 |r 2026-02-21 22:30:02 |t č. 1-26 |w 2026-02-21 |y PREZ |z V č. 1 a v č. 15 je uvedený rok 2018 - správne rok 2019 | ||
| 952 | |0 0 |1 0 |4 0 |7 0 |8 0 |a SNK |b SNK |d 2020-02-28 |f 1 |i snk2020/5130 |l 0 |o snkČSB 4033/30/2019/2 |p 17A1387158 |r 2026-02-21 22:30:02 |t č. 27-50 |w 2026-02-21 |y PREZ | ||
| 952 | |0 0 |1 0 |4 0 |7 0 |8 0 |a SNK |b SNK |d 2020-03-02 |f 1 |i snk2020/5304 |l 0 |o snkČSB 4033/19/2008/2 |p 17A1387159 |r 2026-02-21 22:30:02 |t č. 45-96 |w 2026-02-21 |y PREZ | ||
| 952 | |0 0 |1 0 |4 0 |7 0 |8 0 |a SNK |b SNK |d 2020-03-02 |f 1 |i snk2020/5311 |l 0 |o snkČSB 4033/20/2009/1 |p 17A1387160 |r 2026-02-21 22:30:02 |t č. 1-33, neúplné |w 2026-02-21 |y PREZ |z Chýba č. 7 | ||
| 952 | |0 0 |1 0 |4 0 |7 0 |8 0 |a SNK |b SNK |d 2020-03-02 |f 1 |i snk2020/5324 |l 0 |o snkČSB 4033/21/2010/2 |p 17A1387161 |r 2026-02-21 22:30:02 |t č. 21-49 |w 2026-02-21 |y PREZ | ||


